| 000 | 00646nam a2200205 i 4500 | ||
|---|---|---|---|
| 001 | 56418 | ||
| 003 | ES-MaACL | ||
| 005 | 20250917202716.0 | ||
| 007 | t| | ||
| 008 | 031009s1965 sp ||||1| spa d | ||
| 080 | _a663.21(460.355)(038) | ||
| 245 | 0 | 0 |
_aDiccionario del vino de Jerez / _crecopilado por Julián Pemartín. |
| 260 |
_aBarcelona : _bGustavo Gili, _c[1965] |
||
| 300 |
_a245 p., 18 lám. : _bgraf. ; _c23 cm. |
||
| 650 | 4 |
_aJerez-Xérès-Sherry (Vino) _9151878 |
|
| 650 | 4 |
_aVinos- _vDiccionarios. _9147367 |
|
| 700 | 1 |
_aPemartín, Julián, _d1901-1966 _990132 |
|
| 852 |
_aES-MaACL _jG-5089 _bR.61383 |
||
| 999 |
_c56418 _d56418 |
||